00771nam a2200205 a 4500001001000000005001700010008004100027041000800068044000800076050002400084100003000108245015200138260004000290300001800330500004400348500000900392600007500401700005200476700003700528BRCA_631620190320205418.0080811s1945----nyu#######---#000-0#eng-# aeng anyu 4aD815b.Z52 W3c19451 aWalton, Daniel Dayd1880-10aThe gentlemen are winning the peacebletters exchanged with William B. Ziff concerning his book ´The gentlemen talk of peace´cDaniel Day Walton. aNueva YorkbWillian Frederickc1945 a92 p.c21 cm. aCon dedicatoria del autor a Franz Mayer aK17714aZiff, William Bd1898-1953q(William Bernard)tGentlemen talk of peace1 aZiff, William B.q(William Bernard)f1898-1953.1 aJackson, Robert Houghwoutf1892-